Năm câu chuyện tình /
Tác giả người dịch cuốn sách đã nói: Lần này tôi chọn năm chuyện vì tôi đang đắc ý với con số 5. Năm cánh một bông hoa, năm ngón trên một bàn tay. Năm tác phẩm được tụ về trong một cuốn sách của một người dịch, nhưng mỗi tác phẩm có...
Tallennettuna:
| Päätekijä: | |
|---|---|
| Aineistotyyppi: | Kirja |
| Kieli: | Vietnamese |
| Julkaistu: |
H. :
Thuận Hóa ,
2002
|
| Painos: | In lần thứ 1 |
| Aiheet: | |
| Tagit: |
Lisää tagi
Ei tageja, Lisää ensimmäinen tagi!
|
| Thư viện lưu trữ: | Thư viện Trường CĐ Kỹ Thuật Cao Thắng |
|---|
| LEADER | 01300nam a2200217 a 4500 | ||
|---|---|---|---|
| 001 | TVCDKTCT6027 | ||
| 003 | Thư viện trường Cao đẳng Kỹ thuật Cao Thắng | ||
| 005 | 20061026000000 | ||
| 008 | 061026 | ||
| 980 | \ | \ | |a Thư viện Trường CĐ Kỹ Thuật Cao Thắng |
| 024 | |a RG_1 #1 eb0 i1 | ||
| 041 | 0 | # | |a vie |
| 082 | # | # | |a 891.730 1 / |b N104T-đ |
| 100 | 1 | # | |a Đoàn Tử Huyến, |e Người dịch |
| 245 | 0 | 0 | |a Năm câu chuyện tình / |c Đoàn Tử Huyến |
| 250 | # | # | |a In lần thứ 1 |
| 260 | # | # | |a H. : |b Thuận Hóa , |c 2002 |
| 300 | # | # | |a 498tr. ; |c 19cm |
| 520 | # | # | |a Tác giả người dịch cuốn sách đã nói: Lần này tôi chọn năm chuyện vì tôi đang đắc ý với con số 5. Năm cánh một bông hoa, năm ngón trên một bàn tay. Năm tác phẩm được tụ về trong một cuốn sách của một người dịch, nhưng mỗi tác phẩm có một vẻ khác nhau, không gian, thời gian ra đời khác nhau nhưng đều nói lên những mối tình đẹp từ dịu nhẹ mộng mơ đến xả thân dữ dội, tất cả đều quyên mình. |
| 650 | # | 4 | |a Tình yêu |
| 650 | # | 4 | |a Truyện ngắn |